| 000 -CABECERA |
| Longitud fija campo de control |
00575nam a2200193 a 4500 |
| 001 - NÚMERO DE CONTROL |
| Número de control |
3578 |
| 003 - IDENTIFICADOR DEL NÚMERO DE CONTROL |
| Identificador del número de control |
CDMR |
| 005 - FECHA Y HORA DE LA ÚLTIMA TRANSACCIÓN |
| Fecha y hora de la última transacción |
20131209104704.0 |
| 008 - CÓDIGOS DE INFORMACIÓN DE LONGITUD FIJA |
| Códigos de información de longitud fija |
130130s1970||||||||||||||||||||||||||||d |
| 040 ## - FUENTE DE LA CATALOGACIÓN |
| Centro catalogador de origen |
CDMR |
| Lengua de catalogación |
cat |
| Centro transcriptor |
CDMR |
| 100 1# - PUNTO DE ACCESO PRINCIPAL-NOMBRE DE PERSONA |
| Nombre de persona |
De Fleur, Melvin Lawrence |
| 9 (RLIN) |
2554 |
| 245 10 - MENCIÓN DE TÍTULO |
| Título |
Teorías de la comunicación masiva |
| Mención de responsabilidad, etc. |
Melvin L. de Fleur |
| 260 ## - PUBLICACIÓN, DISTRIBUCIÓN, ETC. (PIE DE IMPRENTA) |
| Lugar de publicación, distribución, etc. |
Buenos Aires |
| Fecha de publicación, distribución, etc. |
1970 |
| Nombre del editor, distribuidor, etc. |
Paidós |
| 300 ## - DESCRIPCIÓN FÍSICA |
| Extensión |
251 p. |
| 490 0# - MENCIÓN DE SERIE |
| Mención de serie |
Mundo Moderno Paidós |
| Designación de volumen o secuencia |
57 |
| 650 04 - PUNTO DE ACCESO ADICIONAL DE MATERIA - TÉRMINO DE MATERIA |
| 9 (RLIN) |
3267 |
| Término de materia o nombre geográfico como elemento inicial |
Mitjans de comunicació de massa |
| Subdivisión geográfica |
Estats Units d'Amèrica |
| 650 04 - PUNTO DE ACCESO ADICIONAL DE MATERIA - TÉRMINO DE MATERIA |
| 9 (RLIN) |
4172 |
| Término de materia o nombre geográfico como elemento inicial |
Societat de massa |
| 942 ## - ENTRADA DE ELEMENTOS AGREGADOS (KOHA) |
| Koha [por defecto] tipo de item |
Monografies |
| Fuente de clasificaión o esquema |
|